[Event "SB-2011-0-00165"]
[Site "LSS email"]
[Date "2011.07.04"]
[Round "?"]
[White "Onem, Cem"]
[Black "Savic, Milan"]
[Result "1/2-1/2"]
[WhiteElo "1918"]
[BlackElo "2009"]
[PlyCount "65"]
[EventDate "2011.06.14"]
[EventType "tourn (corr)"]
[EventRounds "6"]
[EventCountry "GER"]
[SourceTitle "Telechess CBM 165"]
[Source "ChessBase"]
[SourceDate "2015.03.11"]
[SourceVersion "1"]
[SourceVersionDate "2015.03.11"]
[SourceQuality "1"]

1. e4 e5 2. Nf3 Nc6 3. Bb5 a6 4. Ba4 Nf6 5. 0-0 Be7 6. Re1 b5 7. Bb3 0-0 8. h3 Bb7 9. d3 d6 10. a4 Na5 11. Ba2 c5 12. Nc3 b4 13. Ne2 Nh5 14. g4 Nf6 15. Ng3 Bc8 16. Bd2 Rb8 17. Qe2 Be6 18. Nf5 Qd7 19. Nxe7+ Qxe7 20. Kh2 Nd7 21. Kg3 Nc6 22. c3 Bxa2 23. Rxa2 Rfc8 24. Be3 Nf8 25. c4 Ne6 26. b3 Qf6 27. Qd2 h6 28. Rf1 Rc7 29. Rb2 Rd7 30. Rbb1 Rf8 31. Nh4 Kh7 32. Ng2 g5 33. h4 1/2-1/2

[Event "SB-2011-0-00165"]
[Site "LSS email"]
[Date "2011.07.04"]
[Round "?"]
[White "Savic, Milan"]
[Black "Korinek, Jaroslav"]
[Result "1/2-1/2"]
[WhiteElo "2009"]
[BlackElo "1803"]
[PlyCount "68"]
[EventDate "2011.06.14"]
[EventType "tourn (corr)"]
[EventRounds "6"]
[EventCountry "GER"]
[SourceTitle "Telechess CBM 165"]
[Source "ChessBase"]
[SourceDate "2015.03.11"]
[SourceVersion "1"]
[SourceVersionDate "2015.03.11"]
[SourceQuality "1"]

1. e4 e5 2. Nf3 Nc6 3. Bb5 a6 4. Ba4 Nf6 5. 0-0 Be7 6. Re1 b5 7. Bb3 0-0 8. c3 d5 9. exd5 Nxd5 10. Nxe5 Nxe5 11. Rxe5 c6 12. d4 Bd6 13. Re1 Qh4 14. g3 Qh3 15. Re4 g5 16. Qf1 Qxf1+ 17. Kxf1 Bf5 18. Re1 h6 19. Nd2 Rae8 20. Rxe8 Rxe8 21. Nf3 Bd3+ 22. Kg1 g4 23. Ne5 Bxe5 24. dxe5 Rxe5 25. Bxh6 Re2 26. Rd1 Be4 27. Bd2 Bf3 28. Bc1 Nf6 29. Rf1 Ne4 30. Bd1 Nxf2 31. Rxf2 Re1+ 32. Rf1 Rxd1 33. Rxd1 Bxd1 34. Kf2 a5 1/2-1/2

[Event "OP-2011-0-01460"]
[Site "LSS email"]
[Date "2011.03.24"]
[Round "?"]
[White "Santos, Sebastiao"]
[Black "Savic, Milan"]
[Result "1/2-1/2"]
[WhiteElo "1764"]
[BlackElo "1803"]
[PlyCount "77"]
[EventDate "2011.03.22"]
[EventType "tourn (corr)"]
[EventRounds "4"]
[EventCountry "GER"]
[SourceTitle "Telechess CBM 147"]
[Source "ChessBase"]
[SourceDate "2012.03.16"]
[SourceVersion "1"]
[SourceVersionDate "2012.03.16"]
[SourceQuality "1"]

1. c4 e5 2. Nc3 Nf6 3. Nf3 Nc6 4. g3 Bb4 5. Bg2 0-0 6. 0-0 e4 7. Ng5 Bxc3 8. bxc3 Re8 9. Qc2 Qe7 10. d3 exd3 11. exd3 d6 12. Bf4 Qe2 13. Qxe2 Rxe2 14. Rfb1 Re7 15. Nf3 h6 16. Nd4 Nxd4 17. cxd4 g5 18. Bd2 Rb8 19. h3 Re2 20. Rb2 b6 21. g4 Bb7 22. d5 Nd7 23. d4 Nf8 24. a4 Ng6 25. Bf3 Re7 26. a5 f5 27. axb6 axb6 28. Kh2 Rf8 29. Kg3 Ref7 30. gxf5 Nh4 31. Bh5 Nxf5+ 32. Kh2 Re7 33. Bc3 Ng7 34. Bg4 Bc8 35. Bd1 Bf5 36. Bb4 Be4 37. c5 Nf5 38. Ra7 Rh7 39. Bg4 1/2-1/2

[Event "OP-2011-0-01460"]
[Site "LSS email"]
[Date "2011.03.24"]
[Round "?"]
[White "Savic, Milan"]
[Black "Agasse Lafont, Patrick"]
[Result "1-0"]
[WhiteElo "1803"]
[BlackElo "1802"]
[PlyCount "59"]
[EventDate "2011.03.22"]
[EventType "tourn (corr)"]
[EventRounds "4"]
[EventCountry "GER"]
[SourceTitle "Telechess CBM 147"]
[Source "ChessBase"]
[SourceDate "2012.03.16"]
[SourceVersion "1"]
[SourceVersionDate "2012.03.16"]
[SourceQuality "1"]

1. e4 d5 2. exd5 Nf6 3. d4 Nxd5 4. Nf3 Bg4 5. Be2 e6 6. 0-0 Nd7 7. c4 N5f6 8. Nc3 Be7 9. h3 Bh5 10. Qb3 b6 11. Rd1 0-0 12. g4 Bg6 13. Nh4 Be4 14. g5 Bb7 15. gxf6 Bxf6 16. Nf3 g6 17. Bf4 Bg7 18. Qc2 Nf6 19. a4 Nh5 20. Bg5 f6 21. Be3 Qe8 22. a5 f5 23. a6 Bc6 24. d5 Bxc3 25. Qxc3 exd5 26. cxd5 Bd7 27. Bc4 f4 28. Bd4 Bxh3 29. d6+ Be6 30. Re1 1-0

[Event "SC-2011-0-00095"]
[Site "LSS email"]
[Date "2011.03.21"]
[Round "?"]
[White "Osipov, Anatoly Vladimirovi"]
[Black "Savic, Milan"]
[Result "1/2-1/2"]
[WhiteElo "1956"]
[BlackElo "1930"]
[PlyCount "73"]
[EventDate "2011.03.01"]
[EventType "tourn (corr)"]
[EventRounds "6"]
[EventCountry "GER"]
[SourceTitle "Corr 2015"]
[Source "ChessBase"]
[SourceDate "2015.07.17"]
[SourceVersion "1"]
[SourceVersionDate "2015.07.17"]
[SourceQuality "1"]

1. e4 e5 2. Nf3 Nc6 3. Bb5 a6 4. Ba4 Nf6 5. 0-0 Be7 6. Re1 b5 7. Bb3 0-0 8. c3 d6 9. h3 Na5 10. Bc2 c5 11. d4 Qc7 12. Nbd2 cxd4 13. cxd4 Nc6 14. a3 Bd7 15. d5 Na5 16. Nf1 Nh5 17. Re3 g6 18. Rc3 Qb7 19. b3 Rfc8 20. Rxc8+ Rxc8 21. Bd2 Bd8 22. Rc1 Bb6 23. Qe1 Nf4 24. Ng3 Bxh3 25. Bxa5 Bxg2 26. Bxb6 Qxb6 27. Nh4 Bh3 28. Bb1 Qd8 29. Nf3 Rxc1 30. Qxc1 h5 31. Qe3 Qc8 32. Nh2 h4 33. Ngf1 Bg4 34. Bd3 Bd1 35. Nd2 Qc1 36. Bf1 Be2 37. b4 1/2-1/2

[Event "OP-2011-0-01413"]
[Site "LSS email"]
[Date "2011.02.20"]
[Round "?"]
[White "Herzog, Klaus"]
[Black "Savic, Milan"]
[Result "1/2-1/2"]
[WhiteElo "1773"]
[BlackElo "1803"]
[PlyCount "54"]
[EventDate "2011.02.16"]
[EventType "tourn (corr)"]
[EventRounds "4"]
[EventCountry "GER"]
[SourceTitle "Telechess CBM 147"]
[Source "ChessBase"]
[SourceDate "2012.03.16"]
[SourceVersion "1"]
[SourceVersionDate "2012.03.16"]
[SourceQuality "1"]

1. d4 Nf6 2. c4 g6 3. Nc3 Bg7 4. e4 d6 5. Nf3 0-0 6. Be2 e5 7. 0-0 Nc6 8. d5 Ne7 9. b4 Nh5 10. Re1 f5 11. Ng5 Nf6 12. Bf3 c6 13. Be3 cxd5 14. cxd5 h6 15. Ne6 Bxe6 16. dxe6 fxe4 17. Nxe4 Nxe4 18. Bxe4 d5 19. Bc2 b6 20. Qg4 e4 21. Rad1 Qc7 22. Bb3 Rf5 23. Re2 h5 24. Qh4 Bf6 25. Qg3 Qc6 26. b5 Qxb5 27. Red2 Be5 1/2-1/2

[Event "OP-2011-0-01413"]
[Site "LSS email"]
[Date "2011.02.20"]
[Round "?"]
[White "Jovanovic, Bratislav"]
[Black "Savic, Milan"]
[Result "1/2-1/2"]
[WhiteElo "2054"]
[BlackElo "1803"]
[PlyCount "39"]
[EventDate "2011.02.16"]
[EventType "tourn (corr)"]
[EventRounds "4"]
[EventCountry "GER"]
[SourceTitle "Telechess CBM 147"]
[Source "ChessBase"]
[SourceDate "2012.03.16"]
[SourceVersion "1"]
[SourceVersionDate "2012.03.16"]
[SourceQuality "1"]

1. e4 e5 2. Nc3 Nf6 3. Nf3 Nc6 4. Bb5 Bb4 5. 0-0 0-0 6. d3 d6 7. Bg5 Bxc3 8. bxc3 h6 9. Be3 Be6 10. h3 Qd7 11. Ba4 a6 12. c4 b5 13. cxb5 Nb4 14. a3 axb5 15. Bxb5 Qxb5 16. c4 Qb7 17. axb4 Qxb4 18. Qc2 c5 19. Rab1 Qa5 20. Rb7 1/2-1/2

[Event "OP-2011-0-01413"]
[Site "LSS email"]
[Date "2011.02.20"]
[Round "?"]
[White "Savic, Milan"]
[Black "Ballero, Andrea"]
[Result "1/2-1/2"]
[WhiteElo "1803"]
[BlackElo "1509"]
[PlyCount "56"]
[EventDate "2011.02.16"]
[EventType "tourn (corr)"]
[EventRounds "4"]
[EventCountry "GER"]
[SourceTitle "Telechess CBM 147"]
[Source "ChessBase"]
[SourceDate "2012.03.16"]
[SourceVersion "1"]
[SourceVersionDate "2012.03.16"]
[SourceQuality "1"]

1. e4 c5 2. Nf3 d6 3. d4 cxd4 4. Nxd4 Nf6 5. Nc3 a6 6. Be3 e5 7. Nb3 Be6 8. f3 Nbd7 9. Qd2 b5 10. 0-0-0 Rc8 11. Kb1 Be7 12. g4 Nb6 13. g5 Nh5 14. Qf2 Nc4 15. Bxc4 bxc4 16. Nc5 0-0 17. Qg1 g6 18. Nxe6 fxe6 19. Qg4 Ng7 20. f4 Rb8 21. fxe5 Qa5 22. Bd2 Qa3 23. b3 dxe5 24. Rhf1 Rxf1 25. Rxf1 Qd6 26. Qe2 cxb3 27. axb3 a5 28. Na4 Qc6 1/2-1/2